| 000 | 01045nam a2200205 i 4500 | ||
|---|---|---|---|
| 001 | 43813 | ||
| 003 | ES-MaACL | ||
| 005 | 20250816063127.0 | ||
| 007 | t| | ||
| 008 | 030318s1952 sp ||||1| spa d | ||
| 100 | 1 |
_aCésar, Cayo Julio, _d100 a.C.-44 a.C. _937671 |
|
| 245 | 1 | 0 |
_aCésar frente a Afranio y Petreyo en la campaña del Segre _b: relato militar que de estos episodios hizo el mismo César en sus "Comentarios de la Guerra Civil" seguidos de la versión poética que de ellos nos logró en su "Pharsalia" el poeta M. Annes Lucano / _cCayo Julio Cesar ; introducción, traducción y notas de Manuel Guallar Pérez. |
| 260 |
_aLérida : _bLa Editora Leridana, _c1952. |
||
| 300 |
_a99 p. ; _c24 cm. |
||
| 500 | _aPrecede al tít.: Consejo Superior de Investigaciones Científicas. Instituto de Estudios Ilerdenses. Patronato José María Quadrado. | ||
| 700 | 1 |
_aGuallar Pérez, Manuel. _960291 |
|
| 710 | 2 |
_aInstituto de Estudios Ilerdenses. _94911 |
|
| 852 |
_aES-MaACL _j1962-F-21 _bR.35416 |
||
| 999 |
_c43813 _d43813 |
||